| 000 | 00509nam a22001697a 4500 | ||
|---|---|---|---|
| 999 |
_c527253 _d527253 |
||
| 020 | _a9789332569706 | ||
| 082 |
_a629.04 _bKHI |
||
| 100 | _aKhisty, C. Jotin, Lall, B. Kent | ||
| 245 |
_aTransportation engineering _ban introduction / |
||
| 250 | _a3rd. | ||
| 260 |
_aNew Delhi: _bPearson; _c2017. |
||
| 300 | _a813p. | ||
| 942 |
_2ddc _cBK |
||
| 504 | _aIncludes bibliographical references and index. | ||
| 650 |
_aTransportation engineering. _9854 |
||